Women anthropologists : a biographical dictionary
Αποθηκεύτηκε σε:
| Άλλοι συγγραφείς: | |
|---|---|
| Μορφή: | Βιβλίο |
| Γλώσσα: | English |
| Δημοσίευση: |
New York :
Greenwood Press,
c1988.
|
| Θέματα: | |
| Ετικέτες: |
Προσθήκη ετικέτας
Δεν υπάρχουν, Καταχωρήστε ετικέτα πρώτοι!
|
MARC
| LEADER | 00000cam a2200000 i 4500 | ||
|---|---|---|---|
| 001 | 1/100380 | ||
| 008 | 000201s1988 eng d | ||
| 020 | |a 0-313-24414-6 | ||
| 035 | |l 10057256 | ||
| 040 | |a GR-MY-UA |b gre |e aacr | ||
| 041 | 0 | |a eng | |
| 082 | 0 | |a 306.0922 | |
| 245 | 1 | 0 | |a Women anthropologists : |b a biographical dictionary / |c edited by Ute Gacs ... [κ. ά.] |
| 260 | |a New York : |b Greenwood Press, |c c1988. | ||
| 300 | |a 428 σ.; |c 24 εκ. | ||
| 504 | |a Περιέχει βιβλιογραφία και ευρετήριο. | ||
| 650 | 0 | 0 | |a Women anthropologists |x Biography |x Dictionaries. |
| 700 | 1 | |a Gacs, Ute, |e edt | |
| 852 | |a INST |b LESVOS |e 20000201 |h 306.0922 WOM |p 005100021996 |q 005100021996 |t REF |y 23 | ||
| 901 | |a BIBL1-2000-1 | ||
| 909 | |a Λ |b 072698 | ||
| 922 | |a 1ΕΛΗ |b 199912 |c ΚΠΣ/ΤΚΑ |d LEADER | ||
| 950 | |a 117-1999-07-28 | ||
| 970 | |a ΤΖΑΦΕΡΗ |b ΕΥΑΓΓΕΛΙΑ |z 2000/02/01 | ||